<?xml version="1.0" encoding="UTF-8"?>
<record
    xmlns:xsi="http://www.w3.org/2001/XMLSchema-instance"
    xsi:schemaLocation="http://www.loc.gov/MARC21/slim http://www.loc.gov/standards/marcxml/schema/MARC21slim.xsd"
    xmlns="http://www.loc.gov/MARC21/slim">

  <leader>00316nam a2200109Ia 4500</leader>
  <controlfield tag="001">588992</controlfield>
  <controlfield tag="005">20250717120840.0</controlfield>
  <controlfield tag="008">250717s9999    xx            000 0 und d</controlfield>
  <datafield tag="245" ind1=" " ind2="0">
    <subfield code="a">U-10 ETK&#x130;NL&#x130;KLERLE NE&#x15E;EL&#x130; RAMAZAN G&#xDC;NL&#xDC;&#x11E;&#xDC;</subfield>
    <subfield code="c">AR&#x130;FE G&#xD6;KMEN</subfield>
  </datafield>
  <datafield tag="260" ind1=" " ind2=" ">
    <subfield code="b">T&#xDC;RK&#x130;YE D&#x130;YANET VAKFI YAYINLARI</subfield>
    <subfield code="c">2020</subfield>
  </datafield>
  <datafield tag="300" ind1=" " ind2=" ">
    <subfield code="b">63</subfield>
  </datafield>
  <datafield tag="999" ind1=" " ind2=" ">
    <subfield code="c">588992</subfield>
    <subfield code="d">588992</subfield>
  </datafield>
</record>
